00824nam a2200193Ia 4500003000900000005001700009008004100026040003100067040001300098041000800111100002300119100000800142245005700150260004600207300001700253490002000270500002000290520032000310IT-RoPAU20220918175910.0120407s9999 xx 000 0 und d aIT-RoPAUc20140510095752.0 cIT-RoPAU aita aCesarato M. Regina csr. 2aA Maria Regina degli Apostoli.bProposta celebrativa c1988aRoma bCasa Generalizia PDDM - CSCM a53 p.c21 cm vVol. n. 6aPDDM aUso manoscritto aIndice Introduzione 1a Proposta: Pregare la coroncina alla Regina degli Apostoli 2a Proposta: Celebrare Maria Regina degli Apostoli 3a Proposta: Il rosario in onore di Maria Regina degli Apostoli Ave, Madre della Storia (testo e musica) Note e Sigle Appendice: Litanie della beata Vergine Maria (alcuni formulari)